00835nam a22002657a 45000010005000000030006000050050017000110080041000280200018000690400029000870500015001160820011001311000018001422450055001602500046002152600038002613000048002994900047003475050008003945200068004025210020004705210020004906500031005106500028005417078FISKH20250620095350.0250620b cb ||||| |||| 00| 0 eng d a9780545533782 aFISKHbengcFISKHdFISKH aQE522 .B82 a551.21 aBrown, Laaren aVolcanoes :bRun for your life /cBy Laaren Brown  aFirst edition first printing, August 2013 aNew York :bScholastic , c2013.  a32 pages : bcolor illustrations ;c23 cm . aScholastic discover more readers vLevel 3 aQ  aLearn about volcanoes, how they are formed and in what regions.8 a660 bLexile 8 aQ bRaz-Plus  aEarth sciencevNon-fiction aVolcanoes vNon-fiction